Online Catalogue and eLibrary

Pawkarayata gal gaseema (Record no. 5371)

MARC details
000 -LEADER
fixed length control field 00381nam a2200157Ia 4500
005 - DATE AND TIME OF LATEST TRANSACTION
control field 20250402053837.0
008 - FIXED-LENGTH DATA ELEMENTS--GENERAL INFORMATION
fixed length control field 240331s9999 xx 000 0 und d
082 ## - DDC Classification
Item Number - Author Mark WIC
Class No. 891
100 ## - MAIN ENTRY--PERSONAL NAME
Personal name Wickramasinghe,M
245 #0 - TITLE STATEMENT
Title Pawkarayata gal gaseema
250 ## - EDITION STATEMENT
Edition statement 10th
260 ## - PUBLICATION, DISTRIBUTION, ETC.
Place of publication, distribution, etc. Dehiawala
Name of publisher, distributor, etc. Tissara Publications
Date of publication, distribution, etc. 1994
300 ## - PHYSICAL DESCRIPTION
Extent (e.g. Volumes, Pages etc.) 119 p .,
650 ## - SUBJECT ADDED ENTRY--TOPICAL TERM
Topical term or geographic name entry element Short Stories
942 ## - Koha item type (Biblio)
Koha item type Books in Stacks (Lending)
Holdings
Lost status Damaged status Collection code Home library Current library Shelving location Date acquired Full call number Accession Number Item type
    Lending WERC Library WERC Library Social Science Cupboard 03/31/2024 891.48 WIC 1363 Books in Stacks (Lending)

© WERC Library